Fluid Mechanics and Hydraulics : (Record no. 2909)

000 -LEADER
fixed length control field 00729nam a2200265 a 4500
008 - FIXED-LENGTH DATA ELEMENTS--GENERAL INFORMATION
fixed length control field 191114s2011 ii a|||g |||| 001 0 eng d
020 ## - INTERNATIONAL STANDARD BOOK NUMBER
International Standard Book Number 8120004221
Terms of availability Rs. 300.00
040 ## - CATALOGING SOURCE
Language of cataloging eng
041 0# - LANGUAGE CODE
Language code of text/sound track or separate title eng
044 ## - COUNTRY OF PUBLISHING/PRODUCING ENTITY CODE
MARC country code ii
082 04 - DEWEY DECIMAL CLASSIFICATION NUMBER
Edition number 23
Classification number 532
Item number L15
100 1# - MAIN ENTRY--PERSONAL NAME
Personal name Lal, Jagdish
245 10 - TITLE STATEMENT
Title Fluid Mechanics and Hydraulics :
Remainder of title With Computer Applications /
250 ## - EDITION STATEMENT
Edition statement 9th ed.
260 ## - PUBLICATION, DISTRIBUTION, ETC. (IMPRINT)
Place of publication, distribution, etc New Delhi :
Name of publisher, distributor, etc Metropolitan Book Co Pvt ltd,
Date of publication, distribution, etc 2011
300 ## - PHYSICAL DESCRIPTION
Extent xxxvi, 1048 p. :
Other physical details ill. ;
Dimensions 23 cm.
504 ## - BIBLIOGRAPHY, ETC. NOTE
Bibliography, etc Includes index.
650 #0 - SUBJECT ADDED ENTRY--TOPICAL TERM
Topical term or geographic name as entry element Fluid mechanics
Form subdivision Textbooks
Topical term or geographic name as entry element Hydraulics
Form subdivision Textbooks
Topical term or geographic name as entry element Fluid Dynamics
Topical term or geographic name as entry element Hydrostatics
852 ## - LOCATION/CALL NUMBER
Location KO
904 ## - LOCAL DATA ELEMENT D, LDD (RLIN)
a S_JOY
942 ## - ADDED ENTRY ELEMENTS (KOHA)
Item type Books
Holdings
Withdrawn status Lost status Source of classification or shelving scheme Damaged status Not for loan Permanent location Current location Date acquired Source of acquisition Full call number Barcode Date last seen Cost, replacement price Koha item type Total Checkouts Total Renewals Date last borrowed
          IMU Kolkata IMU Kolkata 2010-05-13 Ross and Marketing Consultants 620.106 L193 11084 2020-03-18 300.00 Books      
          IMU Kolkata IMU Kolkata 2010-05-13 Ross and Marketing Consultants 620.106 L193 11085 2023-03-10 300.00 Books 1 1 2023-02-08
          IMU Kolkata IMU Kolkata 2010-05-13 Ross and Marketing Consultants 620.106 L193 11086 2025-12-10 300.00 Books 1   2025-07-31
          IMU Kolkata IMU Kolkata 2010-05-13 Ross and Marketing Consultants 620.106 L193 11087 2020-03-18 300.00 Books      
          IMU Kolkata IMU Kolkata 2010-05-13 Ross and Marketing Consultants 620.106 L193 11088 2020-03-18 300.00 Books      
Designed and Maintained by IMU-KC Library, Kolkata Campus © Copyright All Rights Reserved

webs counters

Powered by Koha